[Event "GRE-chT 41st"]
[Site "Achaia"]
[Date "2013.07.05"]
[Round "5.4"]
[White "Tsomis, Dimitrios"]
[Black "Dionysopoulos, Zacharias"]
[Result "1-0"]
[WhiteElo "2080"]
[BlackElo "2029"]
[PlyCount "133"]
[EventDate "2013.07.02"]
[EventType "team-swiss"]
[EventRounds "7"]
[EventCountry "GRE"]
[SourceTitle "CBM 155 Extra"]
[Source "ChessBase"]
[SourceDate "2013.08.26"]
[SourceVersion "1"]
[SourceVersionDate "2013.08.26"]
[SourceQuality "1"]
[WhiteTeam "Peiraikos PG"]
[BlackTeam "AEK"]
[WhiteTeamCountry "GRE"]
[BlackTeamCountry "GRE"]

1. e4 e6 2. d4 d5 3. Nc3 Nf6 4. Bg5 Bb4 5. exd5 Qxd5 6. Nf3 Ne4 7. Bd2 Bxc3 8. bxc3 Nxd2 9. Qxd2 Bd7 10. Bd3 Bb5 11. 0-0 Bxd3 12. cxd3 0-0 13. Rfe1 Nc6 14. Rab1 b6 15. h3 Rad8 16. Re4 f6 17. Rbe1 Rfe8 18. c4 Qd7 19. Qe3 Nb4 20. Re2 c5 21. a3 Na6 22. d5 e5 23. Qc1 Nc7 24. g4 Rf8 25. Nh4 Ne8 26. Kg2 Nd6 27. R4e3 g5 28. Nf3 h5 29. Nh2 h4 30. Rf3 Rde8 31. Nf1 Kg7 32. Nd2 Re7 33. Ne4 Nxe4 34. dxe4 Qa4 35. Rb2 Rd8 36. Qc2 Qxc2 37. Rxc2 Kf7 38. Rb2 Rd6 39. Rfb3 Ke8 40. a4 Kd8 41. Rb5 Kc7 42. a5 Re8 43. axb6+ axb6 44. Ra2 Kb7 45. Rb3 Ra8 46. Rxa8 Kxa8 47. Ra3+ Kb7 48. Kf3 Rd7 49. Ke3 Rd6 50. Kd3 Rd7 51. Kc3 Rd6 52. Kb3 Rd8 53. Kb2 Rd7 54. Rf3 Rd6 55. Kb3 Ka7 56. Ka4 Ka6 57. Ra3 Rd7 58. Rf3 Rd6 59. Rf5 Kb7 60. Kb5 Ka7 61. Rf3 Kb7 62. Ra3 Rd7 63. Ra6 Rd6 64. f3 Kc7 65. Ra7+ Kb8 66. Re7 Kc8 67. Re6 1-0

[Event "GRE-chT 41st"]
[Site "Achaia"]
[Date "2013.07.03"]
[Round "3.4"]
[White "Kanellopoulos, Georgios"]
[Black "Dionysopoulos, Zacharias"]
[Result "1-0"]
[WhiteElo "2070"]
[BlackElo "2029"]
[PlyCount "67"]
[EventDate "2013.07.02"]
[EventType "team-swiss"]
[EventRounds "7"]
[EventCountry "GRE"]
[SourceTitle "CBM 155 Extra"]
[Source "ChessBase"]
[SourceDate "2013.08.26"]
[SourceVersion "1"]
[SourceVersionDate "2013.08.26"]
[SourceQuality "1"]
[WhiteTeam "Patron CN"]
[BlackTeam "AEK"]
[WhiteTeamCountry "GRE"]
[BlackTeamCountry "GRE"]

1. c4 Nf6 2. g3 c6 3. Nf3 d5 4. Bg2 Bf5 5. b3 h6 6. d3 e6 7. 0-0 Be7 8. Bb2 0-0 9. Nbd2 Nbd7 10. Qc2 a6 11. Rac1 Rc8 12. Qb1 Re8 13. b4 Bd6 14. a4 a5 15. bxa5 Qxa5 16. Bxf6 Nxf6 17. Qxb7 Rb8 18. Qxc6 Rb6 19. cxd5 Rxc6 20. dxc6 Qxa4 21. Rc4 Qa2 22. Rfc1 e5 23. R1c2 Qa7 24. h3 e4 25. dxe4 Nxe4 26. Nd4 Bg6 27. Nxe4 Bxe4 28. Nb5 Qa6 29. Bxe4 Qxb5 30. c7 Rc8 31. Rc6 Qe5 32. Rb6 Bxc7 33. Bd3 Rb8 34. Rxb8+ 1-0